U.S States that have access to the sea - Statistics

General Stats
  • This quiz has been taken 16 times
  • The average score is 26 of 30
Answers on the Map
Answers color-coded by a green-red scale on the quiz's map according to % correct below.
 
Answer Stats
Answer % Correct
Alabama
93%
Alaska
93%
California
93%
Florida
93%
Georgia
93%
Massachusetts
93%
Mississippi
93%
Rhode Island
93%
South Carolina
93%
Texas
93%
Washington
93%
New Hampshire
86%
New Jersey
86%
New York
86%
New York
86%
North Carolina
86%
Oregon
86%
Pennsylvania
86%
Virginia
86%
Connecticut
79%
Delaware
79%
Louisiana
79%
Maine
79%
Michigan
79%
Minnesota
79%
Ohio
79%
Wisconsin
79%
Illinois
71%
Indiana
71%
Maryland
71%
No matching quizzes found
Score Distribution
Percent of People with Each Score
Percentile by Number Answered
Your Score History
You have not taken this quiz